| 000 | 00753nam a2200265 a 4500 | ||
|---|---|---|---|
| 001 | vtls001647579 | ||
| 003 | NLI | ||
| 005 | 20210628141513.0 | ||
| 008 | 130205n ii 000 d kan | ||
| 039 | 9 |
_y201302051759 _zVLOAD |
|
| 040 | 0 |
_aNLI _bkan _cEntertech - Kannada _eAACR2 |
|
| 041 | 0 | _akan | |
| 044 | _aii | ||
| 082 | 0 | 4 | _a891.22 |
| 100 | 1 |
_aSrmivasarangacarya, M. K _91089181 |
|
| 245 | 1 | 0 |
_aProbhodacandradaya / _cM. K Srmivasarangacarya |
| 260 |
_a[S.l. : _bs.n., _cn.d.] |
||
| 650 | 0 |
_aSanskrit drama _y20th century |
|
| 650 | 0 |
_aSanskrit drama _xTranslations into Kannada _91086022 |
|
| 887 | _a | ||
| 901 | _aKAN526 | ||
| 902 | _aKan 891.22 Sr 356 | ||
| 949 |
_AVIRTUAITEM _D10000 _X100 _6DBA000000526KAN |
||
| 942 |
_2ddc _cBKS |
||
| 999 |
_c1094119 _d1094119 |
||